| 000 | 00778nam a22001937a 4500 | ||
|---|---|---|---|
| 005 | 20231220145949.0 | ||
| 010 | _aHIN-126590 | ||
| 020 |
_a9789390605101 _c110.00 |
||
| 035 | _aHN-98936 | ||
| 037 | _bDBAD/PUB | ||
| 082 | _a301.153 | ||
| 100 |
_aमहात्मा गाँधी _960057 |
||
| 245 |
_aहिन्द स्वराज/ _cमहात्मा गाँधी |
||
| 250 | _a1 | ||
| 260 |
_aदिल्ली _bप्रभाकर प्रकाशन _c2021 |
||
| 270 |
_bदिल्ली _aप्लाट न -55 मेन मदर डेयरी रोड पांडव नगर _e110092 |
||
| 300 |
_a88 पृ.; _c21 सेमी (अजिल्द ) |
||
| 942 |
_2ddc _cHN _h301.153 _mमहात्मा |
||
| 999 |
_c199726 _d199726 |
||